Most Spoken Languages in Taiwan - Statistics

General Stats
  • This quiz has been taken 193 times
  • The average score is 17 of 39
Answer Stats
Population Language % Correct
19,856,000 Mandarin
98%
3,000,000+ English
96%
400,000+ Japanese
91%
7,000+ Korean
88%
307,000+ Indonesian/Malay/Javanese
82%
2,500+ Spanish
82%
2,700+ French
81%
19,476,000 Taiwanese Hokkien
79%
87,000+ Cantonese
77%
346,000+ Vietnamese
77%
155,000+ Tagalog
74%
1,300+ German
73%
72,400+ Thai
72%
900+ Russian
70%
600+ Portuguese
65%
600+ Italian
64%
1,569,480 Hakka
63%
4,600+ Khmer
61%
1,900+ Burmese
52%
800+ Dutch
50%
700+ Mongolian
38%
15,000 Paiwan
17%
108,200 Amis
16%
12,000 Matsu
15%
10,000 Atayal
13%
20,000 Taiwan Sign language
12%
32,600 Bunun
10%
2,700 Yami/Tao
10%
28,062 Truku
9%
4,100 Tsou
9%
1,295 Kavalan
7%
2,000 Rukai
7%
7,964 Seediq
7%
10 Kanakanabu
6%
4,000 Puyuma
6%
6,156 Saisiyat
6%
190 Thao
6%
500 Saaroa
4%
997 Sakizaya
3%
No matching quizzes found
Score Distribution
Percent of People with Each Score
Percentile by Number Answered
Your Score History
You have not taken this quiz